Schnelles tippen 1-100 - Blindes tippen - Statistics

General Stats
  • This quiz has been taken 94 times
  • The average score is 75 of 100
Answer Stats
# % Correct
1
100%
2
100%
3
98%
5
97%
7
97%
8
97%
4
95%
6
95%
9
95%
10
92%
11
86%
12
84%
13
84%
14
84%
16
84%
20
84%
21
84%
24
84%
34
84%
15
83%
18
83%
22
83%
23
83%
25
83%
26
83%
27
83%
28
83%
29
83%
17
81%
30
81%
31
81%
32
81%
36
81%
37
81%
40
81%
19
80%
35
80%
38
80%
41
80%
42
80%
44
80%
50
80%
55
80%
33
78%
39
78%
43
78%
45
78%
46
78%
47
78%
51
78%
48
77%
49
77%
66
77%
52
75%
56
75%
53
73%
57
73%
58
73%
60
73%
61
73%
64
73%
70
73%
54
72%
59
72%
62
72%
65
72%
69
72%
71
72%
77
72%
63
70%
67
70%
68
69%
78
69%
72
67%
75
67%
76
67%
73
66%
74
66%
79
63%
80
63%
81
63%
85
63%
82
61%
83
61%
84
61%
86
59%
88
59%
87
56%
89
56%
90
55%
92
53%
100
52%
91
52%
95
52%
93
50%
94
50%
96
50%
97
50%
99
50%
98
48%
No matching quizzes found
Score Distribution
Percent of People with Each Score
Percentile by Number Answered
Your Score History
You have not taken this quiz